| 000 | 00947cam a2200313 a 4500 | ||
|---|---|---|---|
| 001 | 121322 | ||
| 003 | GBCCL | ||
| 005 | 20241126110347.0 | ||
| 008 | 061103s2006 tnua b 000 0 eng d | ||
| 020 | _a080549460X (pbk.) | ||
| 020 | _a9780805494600 (pbk.) | ||
| 035 | _a(OCoLC)ocm74905784 | ||
| 035 | _a(OCoLC)74905784 | ||
| 040 |
_aKTS _cKTS _dBAKER _dLBB |
||
| 049 | _aLBBK | ||
| 082 |
_a239 _bPOW |
||
| 090 |
_aBT1103 _b.P69 2006 |
||
| 100 | 1 |
_aPowell, Doug. _91279 |
|
| 245 | 1 | 0 |
_aHolman QuickSource guide to Christian apologetics/ _cDoug Powell. |
| 246 | 3 | 0 | _aGuide to Christian apologetics |
| 246 | 3 | 0 | _aChristian apologetics |
| 260 |
_aNashville, Tenn. : _bHolman Reference, _cc2006. |
||
| 300 |
_axxiv, 375 p. : _bcol. ill. ; _c24 cm. |
||
| 440 | 0 |
_aHolman reference _91280 |
|
| 504 | _aIncludes bibliographical references. | ||
| 650 | 0 |
_aApologetics. _985 |
|
| 650 | 0 |
_aChristianity _vApologetic works _91281 |
|
| 942 |
_2ddc _cBK _030 |
||
| 999 |
_c843 _d843 |
||